00495nam a2200193Ia 4500008004100000020001800041050001000059050001400069100001800083245005100101245002100152260002000173260001400193260000900207300001600216300002600232300001000258500003300268170711s9999 xx 000 0 und d a9781846967504 a567.9 bD621 2008 aDixon, Dougal 4aThe story of the dinosaurs and life on earth / cby Dougal Dixon. aGreat Britain : bTicktock, c2008 a112 pages : bcolor illustrations ; c28cm. aIncludes glossary and index.